|
|
|
|
| LEADER |
00829nam a2200181 a 4500 |
| 008 |
090702r2000 bg b 001 0 eng d |
| 082 |
0 |
0 |
|a 840.8/0005
|2 21
|
| 100 |
1 |
|
|a Hudson, William Henry,
|d 1862-1918.
|
| 245 |
0 |
3 |
|a An introduction to the study of literature /
|b William Henry Hudson
|
| 260 |
|
|
|a Dhaka :
|b Aligarh Press & Publications,
|c 2000 [reprinted]
|
| 300 |
|
|
|a v, 471 p.
|b l illus., diagrs.
|c 19 cm.
|
| 504 |
|
|
|a Includes bibliographical references and index.
|
| 541 |
1 |
|
|e 00009276
|
| 650 |
|
0 |
|a Literature.
|
| 650 |
|
0 |
|a Literature
|x Study and teaching.
|
| 852 |
4 |
|
|a Ayesha Abed Library
|j General shelf
|
| 999 |
|
|
|c 1971
|d 1971
|
| 952 |
|
|
|0 0
|1 0
|2 ddc
|4 0
|6 840_800050000000000_HUD
|7 0
|9 1808
|a BRACUL
|b BRACUL
|c GEN
|d 2009-07-02
|g 0.00
|l 2
|o 840.80005 HUD
|p 3010009276
|r 2019-04-25
|s 2019-04-25
|t 1
|w 2009-07-02
|y BK
|x No price found in the accession register.
|